000 00896nab a2200253 u 4500
001 13509
003 HDC
007 cr bn ---aaaaa
008 210213c xx dr|noo 0 a eng d
040 _aHDC
100 _aBuller, Alicia.,
_eauthor
_914303
245 0 _aLondon-based premium halal food brand Haloodies offers a recipe for growth /
_cby Alicia Buller
260 _a[No place] :
_b[publisher not identified],
_c[no date]
336 _atext
_2rdacontent
337 _acomputer
_2rdamedia
338 _aonline resource
_2rdacarrier
650 _aHalal food industry
_zLondon
_914304
650 _aIslamic ethics
_9277
710 _aThe National
856 _zRequest full-text at [email protected]
942 _2lcc
942 _cNEWS
942 _kNWSO 001782
999 _c10825
_d10825